000 02180nam a2200373 i 4500
001 193454
003 SpMaBN
005 20250825062647.0
008 201130s2019 sp a | |||| 000 0 spa
017 _aB 22835-2019
_bOficina Depósito Legal Barcelona
020 _a9788467056877
040 _aSpMaBN
_bspa
_cSpMaBN
_erda
080 _a74 Forges
100 1 _aForges,
_d1942-2018
_4art
_9176480
_eaut
245 1 0 _aForges inédito /
_cForges
250 _aSegunda edición: noviembre de 2019
260 _aBarcelona :
_bEspasa,
_c2019
300 _a187 páginas :
_bprincipalmente ilustraciones (blanco y negro),
_c24 cm
336 _aImagen fija
_aTexto
_2rdacontent
337 _asin mediación
_2rdamedia
338 _avolumen
_2rdacarrier
520 _aLa editorial Espasa reúne más de 300 viñetas inéditas que el inolvidable Forges dibujó desde 1990 hasta su muerte en 2018, en una recopilación que pone de relieve su carácter visionario y adelantado a su tiempo al tratar temas que hoy en día siguen preocupando a nuestra sociedad. Precedidos por una introducción escrita por sus familiares para explicar el proceso creativo del autor, los chistes recogidos en este libro son de indudable valor histórico y documental: no solo constituyen un magnífico retrato de estas tres décadas de la historia de España, sino que además reflejan que el trabajo del gran humorista gráfico estaba enormemente pegado a la actualidad, razón por la cual muchos de ellos no salieron finalmente a la luz.
600 1 4 _aForges,
_d1942-2018
_2embne
_9176480
655 7 _aLibros ilustrados
_2tgfbne
_9193653
655 0 _aDibujos humorísticos
_2tgfbne
_9234716
655 7 _aCómics
_2tgfbne
_9226827
852 _aES-MaACL
_bR.154877
_cDEPOJ
_hLegado: Juan Antonio Porto
_xEncuadernación cartoné con sobrecubiertas
_9201019
_jN-9628
903 _aPorto, Juan Antonio,
_d1937-2021
_ednr
_q1
_993285
942 _cMONOGRAFIA
_n0
999 _c193454
_d193454